Maailmankartta satunnaisten sulautuneiden maiden kanssa - Statistics

Yleistilastot
  • Tätä visaa on pelattu 93 kertaa
  • Keskiarvotulos 17 / 20
Vastaukset kartalla
Vastauksille on annettu kartalla punavihreä väri sen mukaan, kuinka moni on saanut sen oikein.
 
Vastaustilastot
Group Name maa % Oikein
liittyneet maat Afganistan
100%
liittyneet maat Alankomaat
100%
liittyneet maat Algeria
100%
liittyneet maat Algeria
100%
liittyneet maat Algeria
100%
liittyneet maat Algeria
100%
liittyneet maat Angola
100%
liittyneet maat Argentiina
100%
liittyneet maat Argentiina
100%
liittyneet maat Argentiina
100%
liittyneet maat Argentiina
100%
liittyneet maat Armenia
100%
liittyneet maat Belgia
100%
liittyneet maat Belgia
100%
liittyneet maat Benin
100%
liittyneet maat Bolivia
100%
liittyneet maat Botswana
100%
liittyneet maat Botswana
100%
liittyneet maat Botswana
100%
liittyneet maat Brasilia
100%
liittyneet maat Brasilia
100%
liittyneet maat Brasilia
100%
liittyneet maat Brasilia
100%
liittyneet maat Brasilia
100%
liittyneet maat Brasilia
100%
liittyneet maat Brasilia
100%
liittyneet maat Brasilia
100%
liittyneet maat Bulgaria
100%
liittyneet maat Burkina Faso
100%
liittyneet maat Burkina Faso
100%
liittyneet maat Chile
100%
liittyneet maat Chile
100%
liittyneet maat Côte d'Ivoire
100%
liittyneet maat Côte d'Ivoire
100%
liittyneet maat Eritrea
100%
liittyneet maat Eritrea
100%
liittyneet maat Espanja
100%
liittyneet maat Etelä-Afrikka
100%
liittyneet maat Etelä-Afrikka
100%
liittyneet maat Etelä-Korea
100%
liittyneet maat Etelä-Sudan
100%
liittyneet maat Etelä-Sudan
100%
liittyneet maat Etelä-Sudan
100%
liittyneet maat Etelä-Sudan
100%
liittyneet maat Etelä-Sudan
100%
liittyneet maat Etiopia
100%
liittyneet maat Etiopia
100%
liittyneet maat Georgia
100%
liittyneet maat Ghana
100%
liittyneet maat Ghana
100%
liittyneet maat Guatemala
100%
liittyneet maat Guinea
100%
liittyneet maat Guinea
100%
liittyneet maat Guinea
100%
liittyneet maat Guinea
100%
liittyneet maat Guyana
100%
liittyneet maat Guyana
100%
liittyneet maat Honduras
100%
liittyneet maat Indonesia
100%
liittyneet maat Intia
100%
liittyneet maat Intia
100%
liittyneet maat Irak
100%
liittyneet maat Irak
100%
liittyneet maat Irak
100%
liittyneet maat Irak
100%
liittyneet maat Irak
100%
liittyneet maat Iran
100%
liittyneet maat Iran
100%
liittyneet maat Iran
100%
liittyneet maat Irlanti
100%
liittyneet maat Italia
100%
liittyneet maat Italia
100%
liittyneet maat Itävalta
100%
liittyneet maat Itävalta
100%
liittyneet maat Itävalta
100%
liittyneet maat Itävalta
100%
liittyneet maat Itävalta
100%
liittyneet maat Jemen
100%
liittyneet maat Jordania
100%
liittyneet maat Kambodža
100%
liittyneet maat Kambodža
100%
liittyneet maat Kamerun
100%
liittyneet maat Kamerun
100%
liittyneet maat Kamerun
100%
liittyneet maat Kamerun
100%
liittyneet maat Kazakstan
100%
liittyneet maat Kazakstan
100%
liittyneet maat Kenia
100%
liittyneet maat Keski-Afrikan tasavalta
100%
liittyneet maat Keski-Afrikan tasavalta
100%
liittyneet maat Keski-Afrikan tasavalta
100%
liittyneet maat Kiina
100%
liittyneet maat Kiina
100%
liittyneet maat Kiina
100%
liittyneet maat Kiina
100%
liittyneet maat Kiina
100%
liittyneet maat Kiina
100%
liittyneet maat Kiina
100%
liittyneet maat Kiina
100%
liittyneet maat Kirgisia
100%
liittyneet maat Kirgisia
100%
liittyneet maat Kolumbia
100%
liittyneet maat Kolumbia
100%
liittyneet maat Kolumbia
100%
liittyneet maat Kongon demokraattinen tasavalta
100%
liittyneet maat Kongon demokraattinen tasavalta
100%
liittyneet maat Kongon tasavalta
100%
liittyneet maat Kroatia
100%
liittyneet maat Laos
100%
liittyneet maat Laos
100%
liittyneet maat Latvia
100%
liittyneet maat Latvia
100%
liittyneet maat Latvia
100%
liittyneet maat Latvia
100%
liittyneet maat Liberia
100%
liittyneet maat Liberia
100%
liittyneet maat Libya
100%
liittyneet maat Libya
100%
liittyneet maat Libya
100%
liittyneet maat Libya
100%
liittyneet maat Liettua
100%
liittyneet maat Mali
100%
liittyneet maat Mali
100%
liittyneet maat Mali
100%
liittyneet maat Mali
100%
liittyneet maat Mali
100%
liittyneet maat Marokko
100%
liittyneet maat Marokko
100%
liittyneet maat Mauritania
100%
liittyneet maat Mauritania
100%
liittyneet maat Mauritania
100%
liittyneet maat Mauritania
100%
liittyneet maat Meksiko
100%
liittyneet maat Meksiko
100%
liittyneet maat Moldova
100%
liittyneet maat Mongolia
100%
liittyneet maat Mongolia
100%
liittyneet maat Mosambik
100%
liittyneet maat Myanmar
100%
liittyneet maat Myanmar
100%
liittyneet maat Namibia
100%
liittyneet maat Nepal
100%
liittyneet maat Nepal
100%
liittyneet maat Nicaragua
100%
liittyneet maat Niger
100%
liittyneet maat Niger
100%
liittyneet maat Niger
100%
liittyneet maat Niger
100%
liittyneet maat Niger
100%
liittyneet maat Nigeria
100%
liittyneet maat Nigeria
100%
liittyneet maat Nigeria
100%
liittyneet maat Norja
100%
liittyneet maat Oman
100%
liittyneet maat Oman
100%
liittyneet maat Papua-Uusi-Guinea
100%
liittyneet maat Paraguay
100%
liittyneet maat Paraguay
100%
liittyneet maat Peru
100%
liittyneet maat Peru
100%
liittyneet maat Pohjois-Korea
100%
liittyneet maat Pohjois-Korea
100%
liittyneet maat Portugali
100%
liittyneet maat Puola
100%
liittyneet maat Puola
100%
liittyneet maat Puola
100%
liittyneet maat Puola
100%
liittyneet maat Puola
100%
liittyneet maat Ranska
100%
liittyneet maat Ranska
100%
liittyneet maat Ranska
100%
liittyneet maat Romania
100%
liittyneet maat Ruotsi
100%
liittyneet maat Ruotsi
100%
liittyneet maat Saksa
100%
liittyneet maat Saksa
100%
liittyneet maat Saksa
100%
liittyneet maat Saksa
100%
liittyneet maat Sambia
100%
liittyneet maat Sambia
100%
liittyneet maat Saudi-Arabia
100%
liittyneet maat Saudi-Arabia
100%
liittyneet maat Saudi-Arabia
100%
liittyneet maat Senegal
100%
liittyneet maat Senegal
100%
liittyneet maat Senegal
100%
liittyneet maat Serbia
100%
liittyneet maat Serbia
100%
liittyneet maat Sierra Leone
100%
liittyneet maat Sierra Leone
100%
liittyneet maat Slovakia
100%
liittyneet maat Slovakia
100%
liittyneet maat Slovenia
100%
liittyneet maat Sudan
100%
liittyneet maat Sudan
100%
liittyneet maat Sudan
100%
liittyneet maat Sudan
100%
liittyneet maat Suomi
100%
liittyneet maat Suomi
100%
liittyneet maat Suriname
100%
liittyneet maat Suriname
100%
liittyneet maat Sveitsi
100%
liittyneet maat Syyria
100%
liittyneet maat Syyria
100%
liittyneet maat Tadžikistan
100%
liittyneet maat Tansania
100%
liittyneet maat Thaimaa
100%
liittyneet maat Thaimaa
100%
liittyneet maat Togo
100%
liittyneet maat Tšad
100%
liittyneet maat Tšad
100%
liittyneet maat Tšad
100%
liittyneet maat Tšad
100%
liittyneet maat Tšekki
100%
liittyneet maat Tšekki
100%
liittyneet maat Tšekki
100%
liittyneet maat Turkki
100%
liittyneet maat Turkki
100%
liittyneet maat Turkmenistan
100%
liittyneet maat Turkmenistan
100%
liittyneet maat Uganda
100%
liittyneet maat Uganda
100%
liittyneet maat Ukraina
100%
liittyneet maat Ukraina
100%
liittyneet maat Ukraina
100%
liittyneet maat Ukraina
100%
liittyneet maat Unkari
100%
liittyneet maat Unkari
100%
liittyneet maat Uruguay
100%
liittyneet maat Uruguay
100%
liittyneet maat Uzbekistan
100%
liittyneet maat Valko-Venäjä
100%
liittyneet maat Valko-Venäjä
100%
liittyneet maat Venäjä
100%
liittyneet maat Venäjä
100%
liittyneet maat Venäjä
100%
liittyneet maat Venäjä
100%
liittyneet maat Venäjä
100%
liittyneet maat Venäjä
100%
liittyneet maat Venäjä
100%
liittyneet maat Venäjä
100%
liittyneet maat Venäjä
100%
liittyneet maat Venezuela
100%
liittyneet maat Venezuela
100%
liittyneet maat Vietnam
100%
liittyneet maat Vietnam
100%
liittyneet maat Viro
100%
liittyneet maat Viro
100%
liittyneet maat Yhdistynyt kuningaskunta
100%
liittyneet maat Yhdysvallat
100%
liittyneet maat Zimbabwe
100%
liittyneet maat Zimbabwe
100%
liittyneet maat Mosambik
80%
liittyneet maat Zimbabwe
80%
liittyneet maat Afganistan
75%
liittyneet maat Algeria
75%
liittyneet maat Niger
75%
liittyneet maat Yhdistyneet arabiemiirikunnat
75%
liittyneet maat Kongon demokraattinen tasavalta
71%
liittyneet maat Kongon tasavalta
71%
liittyneet maat Afganistan
67%
liittyneet maat Azerbaidžan
67%
liittyneet maat Bangladesh
67%
liittyneet maat Bosnia ja Hertsegovina
67%
liittyneet maat Burkina Faso
67%
liittyneet maat Etiopia
67%
liittyneet maat Ghana
67%
liittyneet maat Intia
67%
liittyneet maat Iran
67%
liittyneet maat Jemen
67%
liittyneet maat Kambodža
67%
liittyneet maat Laos
67%
liittyneet maat Oman
67%
liittyneet maat Pakistan
67%
liittyneet maat Somalia
67%
liittyneet maat Tadžikistan
67%
liittyneet maat Thaimaa
67%
liittyneet maat Angola
50%
liittyneet maat Burkina Faso
50%
liittyneet maat Côte d'Ivoire
50%
liittyneet maat Ecuador
50%
liittyneet maat Espanja
50%
liittyneet maat Etiopia
50%
liittyneet maat Guinea
50%
liittyneet maat Intia
50%
liittyneet maat Intia
50%
liittyneet maat Iran
50%
liittyneet maat Jordania
50%
liittyneet maat Kenia
50%
liittyneet maat Kolumbia
50%
liittyneet maat Kongon demokraattinen tasavalta
50%
liittyneet maat Kreikka
50%
liittyneet maat Libya
50%
liittyneet maat Malesia
50%
liittyneet maat Mali
50%
liittyneet maat Mosambik
50%
liittyneet maat Myanmar
50%
liittyneet maat Namibia
50%
liittyneet maat Pakistan
50%
liittyneet maat Pohjois-Makedonia
50%
liittyneet maat Ranska
50%
liittyneet maat Sambia
50%
liittyneet maat Syyria
50%
liittyneet maat Tadžikistan
50%
liittyneet maat Tansania
50%
liittyneet maat Thaimaa
50%
liittyneet maat Tšad
50%
liittyneet maat Tunisia
50%
liittyneet maat Turkmenistan
50%
liittyneet maat Uzbekistan
50%
liittyneet maat Etelä-Afrikka
33%
liittyneet maat Kazakstan
33%
liittyneet maat Kenia
33%
liittyneet maat Kirgisia
33%
liittyneet maat Lesotho
33%
liittyneet maat Somalia
33%
liittyneet maat Turkki
33%
liittyneet maat Afganistan
0%
liittyneet maat Alankomaat
0%
liittyneet maat Albania
0%
liittyneet maat Albania
0%
liittyneet maat Algeria
0%
liittyneet maat Angola
0%
liittyneet maat Argentiina
0%
liittyneet maat Azerbaidžan
0%
liittyneet maat Benin
0%
liittyneet maat Bhutan
0%
liittyneet maat Bhutan
0%
liittyneet maat Bolivia
0%
liittyneet maat Bolivia
0%
liittyneet maat Bolivia
0%
liittyneet maat Bolivia
0%
liittyneet maat Bosnia ja Hertsegovina
0%
liittyneet maat Brasilia
0%
liittyneet maat Bulgaria
0%
liittyneet maat Côte d'Ivoire
0%
liittyneet maat Côte d'Ivoire
0%
liittyneet maat Dominikaaninen tasavalta
0%
liittyneet maat Ecuador
0%
liittyneet maat Egypti
0%
liittyneet maat Egypti
0%
liittyneet maat Etelä-Afrikka
0%
liittyneet maat Etiopia
0%
liittyneet maat Gabon
0%
liittyneet maat Georgia
0%
liittyneet maat Guatemala
0%
liittyneet maat Guyana
0%
liittyneet maat Haiti
0%
liittyneet maat Honduras
0%
liittyneet maat Indonesia
0%
liittyneet maat Intia
0%
liittyneet maat Iran
0%
liittyneet maat Italia
0%
liittyneet maat Jordania
0%
liittyneet maat Kanada
0%
liittyneet maat Kazakstan
0%
liittyneet maat Kenia
0%
liittyneet maat Keski-Afrikan tasavalta
0%
liittyneet maat Keski-Afrikan tasavalta
0%
liittyneet maat Keski-Afrikan tasavalta
0%
liittyneet maat Kiina
0%
liittyneet maat Kiina
0%
liittyneet maat Kiina
0%
liittyneet maat Kiina
0%
liittyneet maat Kiina
0%
liittyneet maat Kongon demokraattinen tasavalta
0%
liittyneet maat Kongon demokraattinen tasavalta
0%
liittyneet maat Kongon tasavalta
0%
liittyneet maat Kongon tasavalta
0%
liittyneet maat Kreikka
0%
liittyneet maat Kroatia
0%
liittyneet maat Laos
0%
liittyneet maat Laos
0%
liittyneet maat Liberia
0%
liittyneet maat Libya
0%
liittyneet maat Liettua
0%
liittyneet maat Malawi
0%
liittyneet maat Malesia
0%
liittyneet maat Mali
0%
liittyneet maat Moldova
0%
liittyneet maat Mosambik
0%
liittyneet maat Mosambik
0%
liittyneet maat Myanmar
0%
liittyneet maat Namibia
0%
liittyneet maat Norja
0%
liittyneet maat Pakistan
0%
liittyneet maat Pakistan
0%
liittyneet maat Paraguay
0%
liittyneet maat Peru
0%
liittyneet maat Peru
0%
liittyneet maat Pohjois-Makedonia
0%
liittyneet maat Ranska
0%
liittyneet maat Romania
0%
liittyneet maat Romania
0%
liittyneet maat Romania
0%
liittyneet maat Romania
0%
liittyneet maat Saksa
0%
liittyneet maat Saksa
0%
liittyneet maat Sambia
0%
liittyneet maat Saudi-Arabia
0%
liittyneet maat Saudi-Arabia
0%
liittyneet maat Serbia
0%
liittyneet maat Slovakia
0%
liittyneet maat Sudan
0%
liittyneet maat Sudan
0%
liittyneet maat Sudan
0%
liittyneet maat Suomi
0%
liittyneet maat Sveitsi
0%
liittyneet maat Sveitsi
0%
liittyneet maat Tadžikistan
0%
liittyneet maat Togo
0%
liittyneet maat Tšekki
0%
liittyneet maat Tunisia
0%
liittyneet maat Turkki
0%
liittyneet maat Turkki
0%
liittyneet maat Uganda
0%
liittyneet maat Ukraina
0%
liittyneet maat Unkari
0%
liittyneet maat Unkari
0%
liittyneet maat Uzbekistan
0%
liittyneet maat Valko-Venäjä
0%
liittyneet maat Valko-Venäjä
0%
liittyneet maat Valko-Venäjä
0%
liittyneet maat Venäjä
0%
liittyneet maat Venezuela
0%
liittyneet maat Vietnam
0%
liittyneet maat Yhdistyneet arabiemiirikunnat
0%
liittyneet maat Yhdysvallat
0%
Ehtoja vastaavia visoja ei löytynyt
Tulosjakauma
Jokaisen tuloksen saaneiden osuus
Persentiili vastausten määrän mukaan
Tuloshistoriasi
Et ole pelannut tätä visaa